000 01593nam a2200445 c 4500
001 23385
003 ES-MaCES
005 20170309085456.0
008 101119s2010 sp t 000 | spa d
017 _aVA 750-2010
_bDL
020 _a9788498982626
035 _aCES20100009111m
040 _aES-MaCES
_bspa
_cES-MaCES
245 0 3 _aLa reforma del mercado de trabajo
_b: Ley 35/2010, de 17 de septiembre
_cdirección, Ignacio García-Perrote Escartín y Jesús R. Mercader Uguina ; autores, Cristina Aragón Gómez ... [et al.]
250 _a1ª ed
260 _aValladolid
_bLex Nova
_c2010
300 _a432 p.
_c24 cm
504 _aBibliografía
541 _cCompra
610 1 4 _aEspaña
_tLey de medidas urgentes para la reforma del mercado de trabajo
_d2010
_92998
650 4 _amercado de trabajo
_928292
650 4 _areforma legislativa
_929892
650 4 _acondiciones de trabajo
_928327
650 4 _acondiciones de empleo
_930040
650 4 _acontratación
_928323
650 4 _adespido
_928352
650 4 _anegociación colectiva
_928362
650 4 _aEspaña
_926964
650 4 _alegislación del trabajo
_927166
650 4 _a2010
_931233
650 4 _acampo de aplicación
_930263
653 1 0 _aDerecho del trabajo y Seguridad Social
650 4 _928369
_arelaciones laborales
700 1 _aAragón Gómez, Cristina
_96410
700 1 _aGarcía-Perrote Escartín, Ignacio
_edir.
_913032
700 1 _918447
_aMercader Uguina, Jesús R.
_edir.
902 _aLIB Libro
942 _2CES
_cBK
_h6.0.1.
999 _c23385
_d23385